<?xml version="1.0" encoding="UTF-8"?>
<record
    xmlns:xsi="http://www.w3.org/2001/XMLSchema-instance"
    xsi:schemaLocation="http://www.loc.gov/MARC21/slim http://www.loc.gov/standards/marcxml/schema/MARC21slim.xsd"
    xmlns="http://www.loc.gov/MARC21/slim">

  <leader>00732nam a22001577a 4500</leader>
  <controlfield tag="003">OSt</controlfield>
  <controlfield tag="005">20151202104607.0</controlfield>
  <controlfield tag="008">151202b        xxu||||| |||| 00| 0 eng d</controlfield>
  <datafield tag="040" ind1=" " ind2=" ">
    <subfield code="c">RUA </subfield>
  </datafield>
  <datafield tag="082" ind1=" " ind2=" ">
    <subfield code="a">FIS KHI 2003 B175 Or.1</subfield>
  </datafield>
  <datafield tag="100" ind1=" " ind2=" ">
    <subfield code="9">4121</subfield>
    <subfield code="a">KHIM KHATOL;&#x200B; &#x1783;&#x17B9;&#x1798; &#x1781;&#x17B6;&#x178F;&#x17BB;&#x179B;</subfield>
  </datafield>
  <datafield tag="245" ind1=" " ind2=" ">
    <subfield code="a">Constraint of small-scale aquaculture in dang tong and kampong trach district, kampot province,&#x200B; &#x1795;&#x179B;&#x179C;&#x17B7;&#x1794;&#x17B6;&#x1780;&#x1780;&#x17B6;&#x179A;&#x1785;&#x17B7;&#x1789;&#x17D2;&#x1785;&#x17B9;&#x1798;&#x178F;&#x17D2;&#x179A;&#x17B8;&#x1787;&#x17B6;&#x179B;&#x1780;&#x17D2;&#x1781;&#x178E;&#x17C8;&#x1782;&#x17D2;&#x179A;&#x17BD;&#x179F;&#x17B6;&#x179A;&#x1793;&#x17C5;&#x1780;&#x17D2;&#x1793;&#x17BB;&#x1784;&#x179F;&#x17D2;&#x179A;&#x17BB;&#x1780;&#x178A;&#x1784;&#x1791;&#x1784;&#x17CB; &#x1793;&#x17B7;&#x1784;&#x179F;&#x17D2;&#x179A;&#x17BB;&#x1780;&#x1780;&#x17C6;&#x1796;&#x1784;&#x17CB;&#x178F;&#x17D2;&#x179A;&#x17B6;&#x1785; &#x1781;&#x17C1;&#x178F;&#x17D2;&#x178F;&#x1780;&#x17C6;&#x1796;&#x178F;.</subfield>
  </datafield>
  <datafield tag="260" ind1=" " ind2=" ">
    <subfield code="a">Phnom Penh </subfield>
    <subfield code="b">RUA </subfield>
    <subfield code="c">2003</subfield>
  </datafield>
  <datafield tag="300" ind1=" " ind2=" ">
    <subfield code="a">28p.</subfield>
    <subfield code="b">ill.</subfield>
    <subfield code="c">29cm</subfield>
  </datafield>
  <datafield tag="942" ind1=" " ind2=" ">
    <subfield code="2">ddc</subfield>
    <subfield code="c">FIS</subfield>
  </datafield>
  <datafield tag="999" ind1=" " ind2=" ">
    <subfield code="c">3834</subfield>
    <subfield code="d">3834</subfield>
  </datafield>
  <datafield tag="952" ind1=" " ind2=" ">
    <subfield code="0">0</subfield>
    <subfield code="1">0</subfield>
    <subfield code="2">ddc</subfield>
    <subfield code="4">0</subfield>
    <subfield code="6">FIS_KHI_2003_000000000000000_B175_OR_1</subfield>
    <subfield code="7">0</subfield>
    <subfield code="9">19339</subfield>
    <subfield code="a">LBB</subfield>
    <subfield code="b">LBB</subfield>
    <subfield code="c">B175</subfield>
    <subfield code="d">2015-12-02</subfield>
    <subfield code="o">FIS KHI 2003 B175 Or.1</subfield>
    <subfield code="p">RUA027377</subfield>
    <subfield code="r">2015-12-02</subfield>
    <subfield code="w">2015-12-02</subfield>
    <subfield code="y">FIS</subfield>
  </datafield>
  <datafield tag="952" ind1=" " ind2=" ">
    <subfield code="0">0</subfield>
    <subfield code="1">0</subfield>
    <subfield code="2">ddc</subfield>
    <subfield code="4">0</subfield>
    <subfield code="6">FIS_KHI_2003_000000000000000_B175_OR_2</subfield>
    <subfield code="7">0</subfield>
    <subfield code="9">19340</subfield>
    <subfield code="a">LBB</subfield>
    <subfield code="b">LBB</subfield>
    <subfield code="c">B175</subfield>
    <subfield code="d">2015-12-02</subfield>
    <subfield code="o">FIS KHI 2003 B175 Or.2</subfield>
    <subfield code="p">RUA027468</subfield>
    <subfield code="r">2015-12-02</subfield>
    <subfield code="w">2015-12-02</subfield>
    <subfield code="y">FIS</subfield>
  </datafield>
  <datafield tag="952" ind1=" " ind2=" ">
    <subfield code="0">0</subfield>
    <subfield code="1">0</subfield>
    <subfield code="2">ddc</subfield>
    <subfield code="4">0</subfield>
    <subfield code="6">FIS_KHI_2003_000000000000000_B175_OR_3</subfield>
    <subfield code="7">0</subfield>
    <subfield code="9">19341</subfield>
    <subfield code="a">LBB</subfield>
    <subfield code="b">LBB</subfield>
    <subfield code="c">B175</subfield>
    <subfield code="d">2015-12-02</subfield>
    <subfield code="o">FIS KHI 2003 B175 Or.3</subfield>
    <subfield code="p">RUA025661</subfield>
    <subfield code="r">2015-12-02</subfield>
    <subfield code="w">2015-12-02</subfield>
    <subfield code="y">FIS</subfield>
  </datafield>
  <datafield tag="952" ind1=" " ind2=" ">
    <subfield code="0">0</subfield>
    <subfield code="1">0</subfield>
    <subfield code="2">ddc</subfield>
    <subfield code="4">0</subfield>
    <subfield code="6">FIS_KHI_2003_000000000000000_B175_OR_4</subfield>
    <subfield code="7">0</subfield>
    <subfield code="9">19342</subfield>
    <subfield code="a">LBB</subfield>
    <subfield code="b">LBB</subfield>
    <subfield code="c">B175</subfield>
    <subfield code="d">2015-12-02</subfield>
    <subfield code="o">FIS KHI 2003 B175 Or.4</subfield>
    <subfield code="p">RUA027305</subfield>
    <subfield code="r">2015-12-02</subfield>
    <subfield code="w">2015-12-02</subfield>
    <subfield code="y">FIS</subfield>
  </datafield>
  <datafield tag="952" ind1=" " ind2=" ">
    <subfield code="0">0</subfield>
    <subfield code="1">0</subfield>
    <subfield code="2">ddc</subfield>
    <subfield code="4">0</subfield>
    <subfield code="6">FIS_KHI_2003_000000000000000_B175_OR_5</subfield>
    <subfield code="7">0</subfield>
    <subfield code="9">19343</subfield>
    <subfield code="a">LBB</subfield>
    <subfield code="b">LBB</subfield>
    <subfield code="c">B175</subfield>
    <subfield code="d">2015-12-02</subfield>
    <subfield code="o">FIS KHI 2003 B175 Or.5</subfield>
    <subfield code="p">RUA027067</subfield>
    <subfield code="r">2015-12-02</subfield>
    <subfield code="w">2015-12-02</subfield>
    <subfield code="y">FIS</subfield>
  </datafield>
</record>
